Personnages de Hamilton - Statistiques

Statistiques générales
  • Ce quiz a été pris 377 fois
  • Le résultat moyen est 12 sur 15
Statistiques - réponses
Indices Réponses % Correct
Personnage principal : Alexander Hamilton
100%
Antagonistes : Aaron Burr
98%
Schuyler sisters : Angelica
96%
Peggy
95%
Mentor du protagoniste : George Washington
93%
Compagnons du protagoniste : Marquis de Lafayette
90%
Thomas Jefferson
89%
Fils du protagoniste : Philip
82%
Hercules Mulligan
74%
James Madison
71%
George III
70%
Elizabeth
68%
John Laurens
67%
Autres personnages : Maria Reynolds
60%
"Objet" : La balle
17%
Aucun quiz correspondant
Distribution des résultats
% des personnes avec chaque résultat
Percentile par nombre de réponses
Votre historique - résultats
Vous n’avez pas pris ce quiz